Logo BPK

Biblioteka

Politechniki Koszalińskiej

Zigiel Konstruktionen in Hochbau / (Rekord nr 8405)

Szczegóły MARC
000 -ETYKIETA REKORDU
podpole kontrolne o stałej długości 00423nam a2200169 i 4500
001 - NUMER KONTROLNY REKORDU
pole kontrolne bg
040 ## - ŹRÓDŁO KATALOGOWANIA
Instytucja, która utworzyła rekord BPK
041 ## - KOD JĘZYKA
Kod języka tekstu pol
080 ## - UNIWERSALNA KLASYFIKACJA DZIESIĘTNA - UKD
UKD 693.22
008 - POLE O STAŁEJ DŁUGOŚCI - DANE KONTROLNE
podpole kontrolne o stałej długości s pl f |000 0 pol
100 1# - NAZWA OSOBOWA
Nazwa osobowa Göbel, Klaus.
245 #0 - TYTUŁ/ODPOWIEDZIALNOŚĆ
Tytuł Zigiel Konstruktionen in Hochbau /
Pozostałe elementy strefy tytułu i oznaczenia odpowiedzialności Klaus Göbel, Konrad Gatz.
260 ## - STREFA ADRESU WYDAWNICZEGO
Miejsce wydania München :
Nazwa wydawcy/dystrybutora G. Calwey,
Data publikacji, dystrybucji/powstania dokumentu 1969.
300 ## - STREFA OPISU FIZYCZNEGO
Objętość s. 224 :
Inne cechy fizyczne ilustr.
700 1# - HASŁO DODATKOWE - NAZWA OSOBOWA
Nazwa osobowa Gatz, Konrad.
856 ## - LOKALIZACJA I DOSTĘP DO ELEKTRONICZNYCH DOKUMENTÓW ZDALNYCH
Link (URL) http://koha.tu.koszalin.pl/cgi-bin/koha/opac-detail.pl?biblionumber=8405
Tekst linku Katalog online BPK
942 ## - DODATKOWE ELEMENTY (KOHA)
Typ dokumentu Książka
Egzemplarze
Wycofany Status egzemplarza Uszkodzony Dostępność Lokalizacja stała Lokalizacja bieżąca Miejsce przechowywania Sygnatura Kod kreskowy Typ dokumentu
      Dostępny Biblioteka Politechniki Koszalińskiej Biblioteka Politechniki Koszalińskiej Wypożyczalnia BG 5080 02193076 Książka
© 2023 Biblioteka Politechniki Koszalińskiej :: KOHA